ARRUPE JESUIT UNIVERSITY

CORONAVIRUS -STOP THE SPREAD - CLEAN,DISINFECT,COVER

African population and capitalism : (Record no. 118169)

MARC details
000 -LEADER
fixed length control field 01370cam a2200385 a 4500
001 - CONTROL NUMBER
control field 590616
003 - CONTROL NUMBER IDENTIFIER
control field ARRUPE
005 - DATE AND TIME OF LATEST TRANSACTION
control field 20131001123237.0
008 - FIXED-LENGTH DATA ELEMENTS--GENERAL INFORMATION
fixed length control field 870825s1987 couab b 000 0 eng
010 ## - LIBRARY OF CONGRESS CONTROL NUMBER
LC control number 85026181
020 ## - INTERNATIONAL STANDARD BOOK NUMBER
International Standard Book Number 0813374081 :
Terms of availability $38.50
035 ## - SYSTEM CONTROL NUMBER
System control number (OCoLC)12804894
035 ## - SYSTEM CONTROL NUMBER
System control number (OCoLC)ocm12804894
035 ## - SYSTEM CONTROL NUMBER
System control number (CStRLIN)NYCG87-B70265
035 ## - SYSTEM CONTROL NUMBER
System control number (NNC)590616
040 ## - CATALOGING SOURCE
Modifying agency MnU
Transcribing agency n
043 ## - GEOGRAPHIC AREA CODE
Geographic area code f------
050 0# - LIBRARY OF CONGRESS CALL NUMBER
Classification number HB3661.A3
Item number A35 1987
082 0# - DEWEY DECIMAL CLASSIFICATION NUMBER
Classification number 304.6/096
Edition number 19
090 ## - LOCALLY ASSIGNED LC-TYPE CALL NUMBER (OCLC); LOCAL CALL NUMBER (OCLC)
Classification number (OCLC) (R) ; Classification number, CALL (RLIN) (NR) HB3661.A3
Local cutter number (OCLC) ; Book number/undivided call number, CALL (RLIN) A35 1987
300 ## - PHYSICAL DESCRIPTION
Other physical details ill., maps ;
Dimensions 23 cm.
245 00 - TITLE STATEMENT
Title African population and capitalism :
Remainder of title historical perspectives /
Statement of responsibility, etc edited by Dennis D. Cordell and Joel W. Gregory.
260 ## - PUBLICATION, DISTRIBUTION, ETC. (IMPRINT)
Place of publication, distribution, etc Boulder, Colo. :
Name of publisher, distributor, etc Westview Press,
Date of publication, distribution, etc 1987.
300 ## - PHYSICAL DESCRIPTION
Extent 302 p. :
490 1# - SERIES STATEMENT
Series statement African modernization and development
500 ## - GENERAL NOTE
General note "Sponsored by the Joint Committee on African Studies of the American Council of Learned Societies and the Social Science Research Council."
504 ## - BIBLIOGRAPHY, ETC. NOTE
Bibliography, etc Bibliography: p. 281-301.
650 #0 - SUBJECT ADDED ENTRY--TOPICAL TERM
Topical term or geographic name as entry element Capitalism
Geographic subdivision Africa
General subdivision History.
9 (RLIN) 1769
651 #0 - SUBJECT ADDED ENTRY--GEOGRAPHIC NAME
Geographic name Africa
General subdivision Population
-- History.
9 (RLIN) 1770
700 1# - ADDED ENTRY--PERSONAL NAME
Personal name Cordell, Dennis D.,
Dates associated with a name 1947-
9 (RLIN) 1771
700 1# - ADDED ENTRY--PERSONAL NAME
Personal name Gregory, Joel W.
9 (RLIN) 1772
740 01 - ADDED ENTRY--UNCONTROLLED RELATED/ANALYTICAL TITLE
Uncontrolled related/analytical title African population & capitalism.
830 #0 - SERIES ADDED ENTRY--UNIFORM TITLE
Uniform title African modernization and development series.
9 (RLIN) 1773
942 ## - ADDED ENTRY ELEMENTS (KOHA)
Source of classification or shelving scheme Library of Congress Classification
Koha item type Monograph ( Printed materials)

No items available.

 

Arrupe Library. PO Box MP320 Mt Pleasant, Harare, Zimbabwe
263 242 745411|librarian@aju.ac.zw